[Event "St. Pauli Open"]
[Site "Hamburg"]
[Date "2011.07.11"]
[Round "3.10"]
[White "Kopylov, Michael"]
[Black "Manthey, Jürgen"]
[Result "1-0"]
[WhiteElo "2470"]
[BlackElo "1830"]
[PlyCount "99"]
[EventDate "2011.??.??"]
[WhiteTeam "SK Norderstedt von 1975"]
[BlackTeam "SC Wrist-Kellinghusen von 1979"]

1. d4 f5 2. g3 Nf6 3. Bg2 g6 4. Nf3 Bg7 5. O-O O-O 6. b3 Ne4 7. Bb2 c5 8. Nbd2
Nc6 9. c4 d5 10. cxd5 Qxd5 11. Ng5 cxd4 12. Rc1 Qa5 13. Nc4 Qa6 14. Nxe4 fxe4
15. Bxe4 Bh3 16. Re1 Rad8 17. a4 Be6 18. Ba3 Bxc4 19. Rxc4 Rfe8 20. Rc5 Rd7 21.
Qd3 Qxd3 22. exd3 Ne5 23. f4 Nf7 24. Rec1 Nd6 25. Bf3 e6 26. Rc7 Red8 27. Bxd6
Rxd6 28. Rxb7 R8d7 29. Rcc7 Rxc7 30. Rxc7 Rb6 31. Bg4 Kf8 32. Rxa7 e5 33. Bd1
exf4 34. gxf4 Bh6 35. Rxh7 Bxf4 36. Kg2 Bd2 37. Kf3 Re6 38. Kg4 Re5 39. Bf3
Rg5+ 40. Kh3 Re5 41. Rb7 g5 42. Kg4 Ra5 43. Bc6 Rc5 44. Be4 Ra5 45. Kh5 Ra6 46.
Bd5 Ke8 47. Bc4 Rd6 48. b4 Kd8 49. a5 Kc8 50. a6 1-0

[Event "St. Pauli Open"]
[Site "Hamburg"]
[Date "2011.07.11"]
[Round "3.12"]
[White "Müller, Tobias"]
[Black "Schroeder, Christoph"]
[Result "0-1"]
[WhiteElo "2118"]
[BlackElo "2247"]
[PlyCount "74"]
[EventDate "2011.??.??"]
[WhiteTeam "SK Marmstorf GW Harburg"]
[BlackTeam "SK Johanneum Eppendorf"]

1. c4 e6 2. g3 f5 3. Bg2 Nf6 4. Nf3 d5 5. O-O Bd6 6. d3 O-O 7. Nc3 dxc4 8. d4
Nbd7 9. Nd2 Nb6 10. Na4 Nbd5 11. Nxc4 b5 12. Nxd6 cxd6 13. Nc3 Nxc3 14. bxc3 d5
15. Bg5 Bd7 16. g4 fxg4 17. e4 dxe4 18. Bxe4 Rc8 19. Rc1 Qa5 20. Bxf6 Rxf6 21.
Qxg4 Rxc3 22. Kh1 g6 23. Qe2 Qa3 24. Rxc3 Qxc3 25. d5 e5 26. Bg2 Rf8 27. Rd1 b4
28. Be4 a5 29. Rg1 Bf5 30. Rg3 Qd4 31. Bxf5 Rxf5 32. Rd3 Qxf2 33. Qxf2 Rxf2 34.
a3 e4 35. Rd1 e3 36. axb4 e2 37. Rg1 Rf1 0-1

[Event "St. Pauli Open"]
[Site "Hamburg"]
[Date "2011.07.11"]
[Round "3.13"]
[White "Colpe, Malte"]
[Black "Rossen, Claus"]
[Result "0-1"]
[WhiteElo "2247"]
[BlackElo "2144"]
[Annotator "Albers,Andreas"]
[PlyCount "182"]
[EventDate "2011.??.??"]
[WhiteTeam "Hamburger SK von 1830 eV"]

1. e4 c5 2. Nf3 d6 3. d4 cxd4 4. Nxd4 Nf6 5. Nc3 g6 6. Be3 Bg7 7. f3 Nc6 8. Qd2
O-O 9. O-O-O d5 10. Kb1 Nxd4 11. e5 Nd7 12. Bxd4 Nxe5 13. Qe1 Qd6 14. f4 Nc6
15. Bxg7 Kxg7 16. Nxd5 Rd8 17. Qc3+ f6 18. Be2 Qb8 19. Bb5 Bg4 20. Rde1 Rxd5
21. Bxc6 bxc6 22. h3 Bd7 23. Rxe7+ Kg8 24. Qxf6 Qf8 25. Qh4 Rh5 26. Qe1 Re8 27.
Rxe8 Qxe8 28. Qc3 Rd5 29. Re1 Qe2 30. b3 Qd2 31. Kb2 Kf7 32. g4 Qxc3+ 33. Kxc3
h5 34. Rg1 hxg4 35. hxg4 c5 36. f5 gxf5 37. gxf5 Rxf5 38. Rd1 Be6 39. Rd6 Rf2
40. Rc6 Rf3+ 41. Kb2 Rf5 42. Rc7+ Kf6 43. Rxa7 Ke5 44. Ra5 Kd4 45. Ra4+ Kd5 46.
Rc4 Kc6 47. Re4 Bd5 48. Re2 Rf4 49. a3 Be4 50. Rh2 Rg4 51. Rf2 Kd5 52. Rd2+ Ke5
53. Rh2 Rg3 54. Rf2 c4 55. bxc4 Kd4 56. Rd2+ Kxc4 57. Rd7 Rg8 58. Rc7+ Kd4 59.
Rc3 Rb8+ 60. Rb3 Rc8 61. Rb4+ Ke3 62. c3 Bd5 63. a4 Bc4 64. Rb7 Be6 65. Rb6 Bd5
66. Rb5 Bc4 67. Rb7 Rc6 68. a5 Rc5 69. Ka3 Bd3 70. Kb4 Rc6 71. Re7+ Kd2 72. Rd7
Rc4+ 73. Kb5 Rxc3+ 74. Kb6 Rb3+ 75. Kc7 Ra3 76. Rd5 Kc3 77. Rc5+ Kb4 78. Kb6
Bc4 79. Rh5 Rg3 80. Rh6 Rg5 81. a6 Ra5 82. Kb7 Bd5+ 83. Kc7 Kc5 84. Rg6 Ra1 85.
Rh6 Rg1 86. Rh7 Rg8 87. Rh6 Rg7+ 88. Kb8 Bc6 89. Rh8 Kb6 90. Rc8 Bb5 91. Rh8
Kxa6 {und nach 38 weiteren Zügen:} 0-1

[Event "St. Pauli Open"]
[Site "Hamburg"]
[Date "2011.07.11"]
[Round "3.14"]
[White "Balinski, Damian"]
[Black "Henrich, Holger"]
[Result "1/2-1/2"]
[WhiteElo "2075"]
[BlackElo "2242"]
[PlyCount "65"]
[EventDate "2011.??.??"]
[BlackTeam "SK Union Eimsbuettel eV"]

1. d4 e6 2. c4 Bb4+ 3. Nc3 Nf6 4. Bg5 c5 5. d5 h6 6. Bd2 exd5 7. cxd5 d6 8. g3
O-O 9. Bg2 Re8 10. e3 Bf5 11. Nge2 Nbd7 12. a3 Ba5 13. O-O a6 14. f3 Ne5 15. e4
Bd7 16. Rb1 b5 17. Bf4 b4 18. Bxe5 Rxe5 19. Na2 Bb5 20. a4 Bc4 21. b3 Bxe2 22.
Qxe2 Nxd5 23. f4 Re7 24. e5 dxe5 25. Rbd1 e4 26. Qc4 Rd7 27. Rxd5 Rxd5 28. Qxe4
Rd2 29. Qxa8 Qxa8 30. Bxa8 Rxa2 31. Bd5 Rd2 32. Bc4 Rd6 33. Re1 1/2-1/2

[Event "St. Pauli Open"]
[Site "Hamburg"]
[Date "2011.07.11"]
[Round "3.15"]
[White "Frey, Alisa"]
[Black "Hebbinghaus, Holger"]
[Result "0-1"]
[WhiteElo "2095"]
[BlackElo "2189"]
[PlyCount "50"]
[EventDate "2011.??.??"]
[WhiteTeam "SC Eppingen"]
[BlackTeam "SK Marmstorf GW Harburg"]

1. e4 e6 2. d4 d5 3. Nc3 Nc6 4. Nf3 Nf6 5. e5 Ne4 6. Bd3 Bb4 7. Bd2 Nxd2 8.
Qxd2 f6 9. exf6 Qxf6 10. O-O O-O 11. a3 Bd6 12. Ne2 e5 13. dxe5 Nxe5 14. Nxe5
Qxe5 15. f4 Qxb2 16. Nc3 Qb6+ 17. Kh1 c6 18. Qe2 Qc7 19. Rae1 Qf7 20. f5 Qf6
21. Qh5 Bd7 22. Nd1 Rae8 23. Ne3 h6 24. Ng4 Qg5 25. Rxe8 Qxh5 0-1

[Event "St. Pauli Open"]
[Site "Hamburg"]
[Date "2011.07.11"]
[Round "3.16"]
[White "Andersen, Jens Knud"]
[Black "Hedden, Helge"]
[Result "1-0"]
[WhiteElo "2186"]
[BlackElo "2100"]
[PlyCount "69"]
[EventDate "2011.??.??"]
[WhiteTeam "SK Mering"]
[BlackTeam "Hamburger SK von 1830 eV"]

1. e4 e6 2. d4 d5 3. e5 c5 4. c3 Nc6 5. g3 Bd7 6. Ne2 Qb6 7. Bh3 h5 8. O-O Nh6
9. Kg2 g6 10. dxc5 Bxc5 11. b4 Be7 12. Be3 Qd8 13. f4 Nf5 14. Bxf5 gxf5 15. Nd2
d4 16. Bxd4 Nxd4 17. Nxd4 Qc7 18. Rc1 O-O-O 19. h4 Kb8 20. N2f3 Bc6 21. Nxc6+
Qxc6 22. Qe2 Rhg8 23. Kh3 Rg4 24. Nh2 Rg7 25. Qf3 Qc4 26. Rfd1 Rc8 27. Rd7 Rc7
28. Rxc7 Kxc7 29. Qxh5 Qxa2 30. Qh8 Rg4 31. Nxg4 fxg4+ 32. Kxg4 Qd2 33. Qe8 Bd8
34. Qxf7+ Kb8 35. Rf1 1-0

[Event "St. Pauli Open"]
[Site "Hamburg"]
[Date "2011.07.11"]
[Round "3.17"]
[White "Dinckel, Joerg"]
[Black "Wobbe, Sven"]
[Result "0-1"]
[WhiteElo "2045"]
[BlackElo "2180"]
[PlyCount "56"]
[EventDate "2011.??.??"]
[WhiteTeam "FC ST.Pauli 1910 eV SAbt"]
[BlackTeam "SG Glinde"]

1. d4 c5 2. d5 d6 3. c4 g6 4. Nc3 Bg7 5. e4 Nf6 6. Be2 O-O 7. Bg5 a6 8. Qd2 Re8
9. h4 h5 10. Nh3 Nbd7 11. O-O-O b5 12. g4 hxg4 13. Nf4 b4 14. Na4 Nxe4 15. Qc2
Nxf2 16. h5 Nf8 17. hxg6 fxg6 18. Nxg6 Qd7 19. Nxf8 Qf5 20. Qxf5 Bxf5 21. Ne6
Nxh1 22. Rxh1 Bf6 23. Bf4 Kf7 24. Nb6 Rh8 25. Rg1 Rag8 26. Nd7 Bxe6 27. dxe6+
Kxe6 28. Bxg4+ Rxg4 0-1

[Event "St. Pauli Open"]
[Site "Hamburg"]
[Date "2011.07.11"]
[Round "3.18"]
[White "Michna, Marta"]
[Black "Schirmer, Werner"]
[Result "1-0"]
[WhiteElo "2397"]
[BlackElo "2033"]
[PlyCount "83"]
[EventDate "2011.??.??"]
[WhiteTeam "SK Norderstedt von 1975"]
[BlackTeam "Hamburger SK von 1830 eV"]

1. Nf3 Nf6 2. d3 g6 3. g3 Bg7 4. Bg2 O-O 5. O-O d6 6. c3 e5 7. e4 Nc6 8. a4 Bd7
9. Na3 Qc8 10. Re1 a6 11. Nc4 b5 12. Ne3 Ne7 13. Nd2 bxa4 14. Ndc4 Rb8 15. f4
exf4 16. gxf4 Nh5 17. f5 Nf4 18. Bf1 gxf5 19. Nxf5 Nxf5 20. Bxf4 Nh4 21. Bg3
Bg4 22. Be2 Bxe2 23. Qxe2 Qh3 24. Bxh4 Qxh4 25. Ne3 Be5 26. Nf5 Qh3 27. d4 Bf6
28. Kh1 Kh8 29. Qf2 Rg8 30. Re3 Qh5 31. Nxd6 Rg6 32. Qf5 Qxf5 33. exf5 Rg7 34.
Ne8 Bg5 35. Re2 Rg8 36. Nxc7 a3 37. Rxa3 Bc1 38. Nxa6 Rb5 39. c4 Rxf5 40. Rg3
Rxg3 41. hxg3 Ra5 42. Nc5 1-0

[Event "St. Pauli Open"]
[Site "Hamburg"]
[Date "2011.07.11"]
[Round "3.19"]
[White "Pawlowski, Thomas"]
[Black "Luther, Thomas"]
[Result "0-1"]
[WhiteElo "2080"]
[BlackElo "2515"]
[PlyCount "58"]
[EventDate "2011.??.??"]
[WhiteTeam "Lübecker SV von 1873"]
[BlackTeam "SV Empor Erfurt"]

1. c4 e5 2. Nc3 Nf6 3. e4 Bc5 4. g3 d6 5. Bg2 Nc6 6. Nge2 Ng4 7. O-O Qf6 8. d4
Nxd4 9. Nd5 Qd8 10. h3 Nh6 11. Bxh6 gxh6 12. Nc1 c6 13. Ne3 Qg5 14. Nd3 Bb6 15.
Kh2 Rg8 16. b4 Be6 17. c5 Bc7 18. h4 Qe7 19. Qh5 O-O-O 20. Rac1 d5 21. Rfd1 f5
22. Nxf5 Bxf5 23. exf5 e4 24. Ne1 Qe5 25. Kg1 Rdf8 26. Bh3 Rxg3+ 27. fxg3 Qxg3+
28. Ng2 Qxh3 29. Rxd4 Qh2+ 0-1

[Event "St. Pauli Open"]
[Site "Hamburg"]
[Date "2011.07.11"]
[Round "3.23"]
[White "Schulz, Hans-Juergen"]
[Black "Zacharias, Christian"]
[Result "0-1"]
[WhiteElo "2040"]
[BlackElo "2256"]
[PlyCount "94"]
[EventDate "2011.??.??"]
[WhiteTeam "Hamburger SK von 1830 eV"]
[BlackTeam "SV Diag.Harburg 1926 eV"]

1. e4 c5 2. b4 cxb4 3. Bb2 Nf6 4. e5 Nd5 5. a3 d6 6. exd6 Qxd6 7. Nf3 Qe6+ 8.
Qe2 Nc6 9. Qxe6 Bxe6 10. Bb5 Bd7 11. O-O f6 12. Re1 Kf7 13. axb4 Ndxb4 14. Na3
e6 15. Bc4 Rc8 16. c3 Nd5 17. Nc2 Bd6 18. g3 Rhe8 19. Bb3 a6 20. Ne3 Nxe3 21.
Rxe3 g5 22. d4 h6 23. Nd2 Kg6 24. Rae1 e5 25. Nc4 Bc7 26. dxe5 Nxe5 27. Nxe5+
Rxe5 28. h4 Rxe3 29. Rxe3 Re8 30. Bc2+ Kg7 31. hxg5 hxg5 32. Rxe8 Bxe8 33. Kf1
Bg6 34. Bb3 Be4 35. Bc1 Be5 36. Bd2 Bd3+ 37. Kg2 g4 38. Bd5 b5 39. f3 gxf3+ 40.
Kxf3 a5 41. g4 a4 42. Ba2 Kf8 43. Bh6+ Ke7 44. Bg7 Bxc3 45. g5 b4 46. Ke3 Bc2
47. gxf6+ Bxf6 0-1

[Event "St. Pauli Open"]
[Site "Hamburg"]
[Date "2011.07.11"]
[Round "3.24"]
[White "Jacoby, Gisbert"]
[Black "Neiß, Josef Martin"]
[Result "1-0"]
[WhiteElo "2164"]
[BlackElo "2076"]
[PlyCount "87"]
[EventDate "2011.??.??"]
[WhiteTeam "SV Eidelstedt"]
[BlackTeam "SK Mering"]

1. d4 Nf6 2. c4 e5 3. e3 exd4 4. exd4 d5 5. Nc3 Be7 6. Nf3 O-O 7. Bd3 c6 8. O-O
Bg4 9. Be3 Nbd7 10. h3 Bh5 11. Rc1 dxc4 12. Bxc4 Nb6 13. Bb3 Nbd5 14. g4 Bg6
15. Ne5 Nxc3 16. bxc3 Nd5 17. Bd2 Bd6 18. Qf3 Qh4 19. c4 Nf6 20. Bf4 Rad8 21.
Rfe1 Bxe5 22. dxe5 Rd3 23. Qg2 Ne4 24. Rxe4 Bxe4 25. Qxe4 Qxh3 26. Qg2 Qxg2+
27. Kxg2 Rfd8 28. g5 c5 29. Be3 b6 30. Kf3 f6 31. gxf6 gxf6 32. e6 Re8 33. Bc2
Ra3 34. Be4 Kf8 35. Bd5 Rxa2 36. Bh6+ Ke7 37. Rg1 Kd8 38. Rg7 Re7 39. Rf7 Ra3+
40. Kg4 b5 41. Bf8 h5+ 42. Kxh5 Re8 43. Rd7+ Kc8 44. Bb7+ 1-0

[Event "St. Pauli Open"]
[Site "Hamburg"]
[Date "2011.07.11"]
[Round "3.25"]
[White "Schiele, Lars"]
[Black "Meertens, Martin"]
[Result "0-1"]
[WhiteElo "2052"]
[BlackElo "2158"]
[PlyCount "46"]
[EventDate "2011.??.??"]
[WhiteTeam "SK Weisse Dame Hamburg"]
[BlackTeam "Klub Kölner Schachfreunde e.V. 1"]

1. e4 c5 2. Nf3 d6 3. d4 cxd4 4. Nxd4 Nf6 5. Nc3 a6 6. f4 e5 7. Nf3 Nbd7 8. a4
Be7 9. Bc4 Qc7 10. Qe2 exf4 11. Bxf4 Ne5 12. Bb3 Bg4 13. h3 Bh5 14. g4 Bg6 15.
Nd4 O-O 16. Nf5 Rfe8 17. g5 Bxf5 18. Bxe5 Nxe4 19. Nxe4 Bf8 20. O-O-O Rxe5 21.
Rd4 Rae8 22. Bd5 Qe7 23. Qc4 Bxe4 0-1

[Event "St. Pauli Open"]
[Site "Hamburg"]
[Date "2011.07.11"]
[Round "3.27"]
[White "Hein, Ralf"]
[Black "Buchholz, Robert"]
[Result "0-1"]
[WhiteElo "2144"]
[BlackElo "2048"]
[PlyCount "132"]
[EventDate "2011.??.??"]
[WhiteTeam "SC Diogenes eV"]
[BlackTeam "Baubehörde"]

1. e4 d5 2. exd5 Nf6 3. d4 Nxd5 4. c4 Nb6 5. Be3 e5 6. Nc3 exd4 7. Bxd4 Nc6 8.
Nf3 Be6 9. c5 Nxd4 10. cxb6 Nxf3+ 11. Qxf3 c6 12. bxa7 Be7 13. Bd3 O-O 14. O-O
Qa5 15. Rfe1 Bf6 16. Re2 Bxc3 17. bxc3 Rxa7 18. Rae1 g6 19. Qf6 Qd5 20. Bb1 Qd8
21. Qf4 Ra5 22. Rb2 Qa8 23. Qc7 Rb5 24. Rxb5 cxb5 25. Qe5 Bxa2 26. Qxb5 Bxb1
27. Rxb1 Qa3 28. c4 Qa6 29. Qd5 Rc8 30. Rc1 Qa3 31. Qd2 b5 32. c5 Rc6 33. Qd8+
Kg7 34. Qd4+ Kh6 35. Qe3+ Qxe3 36. fxe3 Kg5 37. Kf2 Kf5 38. Ke2 Ke4 39. h3 h5
40. g4 hxg4 41. hxg4 Kd5 42. Kd3 Rxc5 43. e4+ Kd6 44. Rf1 Rc7 45. Rf6+ Kc5 46.
e5 Re7 47. e6 Rxe6 48. Rxf7 Rd6+ 49. Kc3 b4+ 50. Kb3 Rd3+ 51. Kc2 Rd4 52. g5
Rd5 53. Rc7+ Kb5 54. Rb7+ Kc4 55. Rc7+ Rc5 56. Rxc5+ Kxc5 57. Kb3 Kb5 58. Kb2
Kc4 59. Kc2 Kd4 60. Kb3 Ke5 61. Kxb4 Kf5 62. Kc3 Kxg5 63. Kd2 Kf4 64. Ke2 Kg3
65. Kf1 g5 66. Ke2 Kg2 0-1

[Event "St. Pauli Open"]
[Site "Hamburg"]
[Date "2011.07.11"]
[Round "3.28"]
[White "Borgmeyer, Max"]
[Black "Kemény, Matthias"]
[Result "1-0"]
[WhiteElo "2140"]
[BlackElo "2038"]
[PlyCount "73"]
[EventDate "2011.??.??"]
[WhiteTeam "Koenigsspr.SC.1984 e.V."]
[BlackTeam "SG Glinde"]

1. e4 c6 2. d4 d5 3. exd5 cxd5 4. Bd3 Nc6 5. c3 Nf6 6. Bf4 Bg4 7. Qb3 Qc8 8.
Nd2 e6 9. Ngf3 Be7 10. O-O O-O 11. h3 Bh5 12. Ne5 Nxe5 13. Bxe5 Bg6 14. Bxg6
hxg6 15. Rfe1 Qc6 16. Bh2 Bd6 17. Bxd6 Qxd6 18. Nf3 b6 19. Ne5 Ne4 20. a4 Qc7
21. Qc2 a6 22. Qd3 Nd6 23. h4 b5 24. Qf3 Ne4 25. h5 gxh5 26. Qxh5 g6 27. Qh6
Qe7 28. f4 Rfc8 29. Re3 Qf8 30. Qh4 Qd8 31. Qh2 Kg7 32. Rh3 Nf6 33. g4 Qc7 34.
Kg2 Rh8 35. Rh1 Rxh3 36. Qxh3 bxa4 37. Qh6+ 1-0

[Event "St. Pauli Open"]
[Site "Hamburg"]
[Date "2011.07.11"]
[Round "3.30"]
[White "Sabel, Reinhard"]
[Black "Rieling, Thomas"]
[Result "1/2-1/2"]
[WhiteElo "2034"]
[BlackElo "2133"]
[PlyCount "86"]
[EventDate "2011.??.??"]
[WhiteTeam "Sfr.Mainz 1928"]
[BlackTeam "SC Diogenes eV"]

1. d4 Nf6 2. g3 d5 3. Bg2 e6 4. Nf3 c5 5. O-O Nc6 6. c3 Qb6 7. a3 a5 8. dxc5
Bxc5 9. Nbd2 a4 10. c4 O-O 11. b4 axb3 12. Qxb3 Qa7 13. cxd5 Na5 14. Qa2 exd5
15. Nb3 Nxb3 16. Qxb3 Ne4 17. e3 Be6 18. Qd3 Qa6 19. Qxa6 Rxa6 20. Nd4 Bxd4 21.
exd4 Nc3 22. Bf3 Rfa8 23. Bb2 Na4 24. Bc1 Rc6 25. Rb1 Rc3 26. Kg2 Rac8 27. Bf4
b6 28. Rb4 Rxa3 29. Bd1 Nc3 30. Rxb6 Ra1 31. Be2 Ra2 32. Bf3 h6 33. Rc1 g5 34.
Be3 g4 35. Bd1 Bf5 36. Bxh6 Kh7 37. Be3 Nxd1 38. Rxd1 Be4+ 39. Kf1 Bf3 40. Re1
Rcc2 41. Rf6 Kg7 42. Rf5 f6 43. Rh5 Kg6 1/2-1/2

[Event "St. Pauli Open"]
[Site "Hamburg"]
[Date "2011.07.11"]
[Round "3.31"]
[White "Kohtz, Andreas"]
[Black "Franke, Lutz"]
[Result "0-1"]
[WhiteElo "2030"]
[BlackElo "2123"]
[PlyCount "102"]
[EventDate "2011.??.??"]
[WhiteTeam "SC Zugzwang 95 e.V."]
[BlackTeam "SK Union Eimsbuettel eV"]

1. d4 e6 2. Nf3 f5 3. g3 Nf6 4. Bg2 Be7 5. O-O O-O 6. c4 d6 7. Nc3 a5 8. Re1
Ne4 9. Qc2 Nxc3 10. Qxc3 Qe8 11. e4 d5 12. exd5 Bb4 13. Qc2 Bxe1 14. Nxe1 exd5
15. Bxd5+ Kh8 16. Bf4 Nc6 17. Bxc7 Nxd4 18. Qd2 Nc6 19. Nd3 Be6 20. Re1 Qf7 21.
Bd6 Rfe8 22. Bxc6 bxc6 23. Ne5 Qb7 24. f4 c5 25. Bxc5 Bxc4 26. Nxc4 Rxe1+ 27.
Qxe1 Qd5 28. Qe5 Qxc4 29. Bd4 Qf7 30. Bc3 a4 31. a3 Qd7 32. Kf2 Re8 33. Qd4
Qxd4+ 34. Bxd4 Re4 35. Bc3 Kg8 36. Kf3 Kf7 37. g4 g6 38. gxf5 gxf5 39. Kg3 Ke6
40. Bg7 Kd5 41. Bf6 Re2 42. Bg7 Ke4 43. Be5 Rd2 44. Bc7 Rd5 45. Kh4 Rb5 46. Kg5
Rxb2 47. h4 Rb7 48. Be5 Rb6 49. h5 h6+ 50. Kh4 Rb1 51. Bg7 Rh1+ 0-1

[Event "St. Pauli Open"]
[Site "Hamburg"]
[Date "2011.07.11"]
[Round "3.32"]
[White "Faika, Michael"]
[Black "Sturm, Timo"]
[Result "1-0"]
[WhiteElo "2117"]
[BlackElo "1942"]
[PlyCount "93"]
[EventDate "2011.??.??"]
[WhiteTeam "Hamburger SK von 1830 eV"]
[BlackTeam "TSV Germania Cadenberge"]

1. Nc3 Nf6 2. e4 d6 3. Bc4 c6 4. d4 b5 5. Bd3 Qb6 6. Nge2 e5 7. dxe5 dxe5 8. a4
Ng4 9. O-O Bc5 10. Qe1 b4 11. Nd1 a5 12. h3 Nf6 13. Ng3 O-O 14. Ne3 Bxe3 15.
Bxe3 c5 16. f4 Qc7 17. b3 Qe7 18. Qf2 exf4 19. Bxf4 Re8 20. Bg5 Nbd7 21. Nf5
Qe5 22. Bf4 Qc3 23. Nd6 Ba6 24. Nxe8 Nxe8 25. Bd2 Qf6 26. Qg3 Qe6 27. Bb5 Bxb5
28. axb5 Qxe4 29. Rae1 Qg6 30. Qxg6 hxg6 31. Re7 Nef6 32. Bg5 Rb8 33. Bxf6 Nxf6
34. Ra7 Rxb5 35. Ra1 Ne4 36. R1xa5 Rxa5 37. Rxa5 f5 38. Ra7 Kh7 39. Kf1 g5 40.
Rc7 Kg6 41. Ke2 Kf6 42. Ke3 g6 43. Rc6+ Ke5 44. Rxg6 Kd5 45. Rg8 Kd6 46. g4 Ng3
47. Rg6+ 1-0

[Event "St. Pauli Open"]
[Site "Hamburg"]
[Date "2011.07.11"]
[Round "3.33"]
[White "Obreht, Slobodan"]
[Black "Bildat, Jürgen"]
[Result "0-1"]
[WhiteElo "2025"]
[BlackElo "2106"]
[PlyCount "114"]
[EventDate "2011.??.??"]
[WhiteTeam "SchVgg Blankenese von 1923"]
[BlackTeam "Hamburger SK von 1830 eV"]

1. d4 Nf6 2. Bf4 g6 3. c3 Bg7 4. h3 O-O 5. Nf3 d6 6. e3 c5 7. a4 b6 8. Na3 Bb7
9. Be2 cxd4 10. exd4 Nh5 11. Bh2 Bh6 12. O-O Bf4 13. Re1 Nd7 14. Nc4 Rc8 15.
Ne3 Ndf6 16. Nc2 Qc7 17. g3 Bh6 18. g4 Nf4 19. Bxf4 Bxf4 20. Nh4 Rfe8 21. Bf3
e5 22. Bxb7 Qxb7 23. dxe5 dxe5 24. Qf3 Qxf3 25. Nxf3 Red8 26. Re2 Rd3 27. Nce1
Rd5 28. Ng2 Rcd8 29. Nxf4 Rd1+ 30. Re1 Rxa1 31. Rxa1 exf4 32. g5 Ne4 33. Re1
Nd2 34. Kg2 Rd3 35. Ne5 Rd5 36. h4 Kf8 37. b4 a5 38. b5 Nb3 39. Kf3 Nc5 40. Ra1
Rxe5 41. Kxf4 Re4+ 42. Kg3 Rxa4 43. Rd1 Ke7 44. Re1+ Re4 45. Rd1 a4 46. f3 Re3
47. c4 a3 48. Ra1 Rc3 49. Re1+ Ne6 50. Ra1 Kd6 51. Rd1+ Kc7 52. Ra1 Nd4 53. h5
Rxf3+ 54. Kg4 Rc3 55. hxg6 hxg6 56. Rf1 Nf5 57. Ra1 Rxc4+ 0-1

[Event "St. Pauli Open"]
[Site "Hamburg"]
[Date "2011.07.11"]
[Round "3.34"]
[White "Steingräber, Kai-Uwe"]
[Black "Kramer, Julian"]
[Result "0-1"]
[WhiteElo "2104"]
[BlackElo "1926"]
[PlyCount "84"]
[EventDate "2011.??.??"]
[WhiteTeam "Delmenhorster SK V 1931"]
[BlackTeam "Hamburger SK von 1830 eV"]

1. e4 c5 2. Nf3 d6 3. d4 cxd4 4. Nxd4 Nf6 5. Nc3 a6 6. Bg5 e6 7. Bc4 Be7 8. Bb3
b5 9. f3 O-O 10. Be3 Qc7 11. Qd2 Nc6 12. g4 Nxd4 13. Bxd4 Nd7 14. O-O-O Ne5 15.
f4 Nf3 16. Qe3 Nxd4 17. Qxd4 Rd8 18. Rd3 Bd7 19. f5 a5 20. a4 bxa4 21. Nxa4
Rab8 22. Nc3 Rb4 23. Qe3 a4 24. Ba2 Qb7 25. fxe6 fxe6 26. Nd5 Bf6 27. Nxb4 Qxb4
28. c3 Qa5 29. h4 Rc8 30. Rh3 a3 31. b3 Bb5 32. c4 Qb4 33. Qd2 Qc5 34. g5 Bb2+
35. Kb1 Rf8 36. Qd1 Bc6 37. Rhe3 Qe5 38. Qe2 Bd4 39. Rf3 Rxf3 40. Rxf3 Qxe4+
41. Qd3 Qe1+ 42. Kc2 Be4 0-1

[Event "St. Pauli Open"]
[Site "Hamburg"]
[Date "2011.07.11"]
[Round "3.35"]
[White "Hinrichs, Lars"]
[Black "Gollasch, Theo-Heinz"]
[Result "1/2-1/2"]
[WhiteElo "1894"]
[BlackElo "2096"]
[PlyCount "91"]
[EventDate "2011.??.??"]
[WhiteTeam "Hamburger SK von 1830 eV"]
[BlackTeam "Hamburger SK von 1830 eV"]

1. e4 c5 2. Nf3 Nc6 3. d4 cxd4 4. Nxd4 g6 5. Be3 Bg7 6. Nc3 Nf6 7. Nb3 d6 8.
Be2 Be6 9. f4 O-O 10. g4 Na5 11. g5 Nd7 12. Bd4 Nxb3 13. axb3 Bxd4 14. Qxd4 Qb6
15. Qxb6 Nxb6 16. O-O a6 17. Rad1 Rac8 18. Rd2 Kg7 19. Nd5 Bxd5 20. exd5 f6 21.
Bg4 f5 22. Bf3 Rc7 23. Re1 Rh8 24. Rde2 Kf7 25. h4 h5 26. gxh6 Rxh6 27. h5 gxh5
28. Rg2 Rc8 29. Rg5 Rch8 30. Rxf5+ Ke8 31. Rg5 Kf8 32. Rf5+ Ke8 33. Re4 Nd7 34.
Rb4 Nc5 35. Rb6 a5 36. Rb5 h4 37. Rxa5 Rg8+ 38. Rg5 Rxg5+ 39. fxg5 Rh7 40. g6
Rg7 41. Ra8+ Kd7 42. Bg4+ e6 43. dxe6+ Nxe6 44. Bf5 Ke7 45. Rh8 Kf6 46. Bxe6
1/2-1/2

[Event "St. Pauli Open"]
[Site "Hamburg"]
[Date "2011.07.11"]
[Round "3.36"]
[White "Seidel, Mika"]
[Black "Sechting, Martin"]
[Result "1/2-1/2"]
[WhiteElo "1866"]
[BlackElo "2088"]
[PlyCount "115"]
[EventDate "2011.??.??"]
[WhiteTeam "SK Johanneum Eppendorf"]
[BlackTeam "SC Weisse Dame e.V."]

1. c4 e5 2. Nc3 Nc6 3. Nf3 f5 4. d3 Nf6 5. g3 Bb4 6. Bg2 d5 7. cxd5 Nxd5 8. Bd2
Nxc3 9. Bxc3 Bxc3+ 10. bxc3 Qf6 11. Qb3 e4 12. Nd2 exd3 13. exd3 Bd7 14. O-O
O-O-O 15. Rfb1 b6 16. a4 Na5 17. Qb2 Bc6 18. d4 Rhe8 19. Nf3 Be4 20. Re1 Qc6
21. Nh4 Bxg2 22. Nxg2 Rxe1+ 23. Nxe1 f4 24. Nd3 fxg3 25. hxg3 Nc4 26. Qb5 Qxb5
27. axb5 Kb7 28. Nb4 Nd6 29. Rxa7+ Kxa7 30. Nc6+ Ka8 31. Nxd8 Nxb5 32. Ne6 Nxc3
33. Nxc7+ Kb7 34. Ne6 b5 35. Kf1 b4 36. Ke1 Kc6 37. Nf4 Ne4 38. Ke2 b3 39. Kd3
Nxf2+ 40. Kc3 Ne4+ 41. Kxb3 Nxg3 42. Kc4 g5 43. Nd3 g4 44. Ne5+ Kc7 45. Nxg4 h5
46. Nf2 Kd6 47. Nh3 h4 48. Kd3 Ke6 49. Ke3 Kf5 50. d5 Kg4 51. Nf2+ Kg5 52. Kf3
Nf5 53. Ne4+ Kh5 54. Kf4 Nd4 55. d6 h3 56. Kg3 Nf5+ 57. Kxh3 Nxd6 58. Nxd6
1/2-1/2

[Event "St. Pauli Open"]
[Site "Hamburg"]
[Date "2011.07.11"]
[Round "3.37"]
[White "Johannsen, Dennis"]
[Black "Ditmas, Hugh"]
[Result "1-0"]
[WhiteElo "2083"]
[BlackElo "1912"]
[PlyCount "53"]
[EventDate "2011.??.??"]
[WhiteTeam "SK Johanneum Eppendorf"]
[BlackTeam "Bremer SG von 1877"]

1. Nf3 Nf6 2. g3 e6 3. d4 d5 4. Bg2 c6 5. O-O b6 6. Re1 Be7 7. Nbd2 Bb7 8. c4
O-O 9. Qc2 Nbd7 10. b3 Rc8 11. e4 Nxe4 12. Nxe4 dxe4 13. Qxe4 Nf6 14. Qc2 c5
15. dxc5 Bxc5 16. Bb2 Bxf3 17. Bxf3 Qe7 18. Rad1 Bb4 19. Re3 Rfd8 20. Red3 Rxd3
21. Qxd3 Ne8 22. Qd7 Qxd7 23. Rxd7 Rc7 24. Rd8 Re7 25. a3 Bd6 26. Bc6 Kf8 27.
Bxe8 1-0

[Event "St. Pauli Open"]
[Site "Hamburg"]
[Date "2011.07.11"]
[Round "3.38"]
[White "Verweyen, Andreas"]
[Black "Kessler, Bernd"]
[Result "1/2-1/2"]
[WhiteElo "1796"]
[BlackElo "2082"]
[PlyCount "48"]
[EventDate "2011.??.??"]
[WhiteTeam "FC ST.Pauli 1910 eV SAbt"]
[BlackTeam "FC ST.Pauli 1910 eV SAbt"]

1. e4 e5 2. Nf3 Nc6 3. Bb5 f5 4. exf5 Nf6 5. O-O e4 6. Re1 d5 7. d3 Bd6 8. Nc3
O-O 9. dxe4 dxe4 10. Nxe4 Nxe4 11. Qd5+ Kh8 12. Qxe4 Bxf5 13. Qc4 Nb4 14. Ba4
Qf6 15. a3 b5 16. Qxb5 Nxc2 17. Bxc2 Bxc2 18. Qc4 Bg6 19. Be3 Bh5 20. Bd4 Qh6
21. Re6 Qf4 22. Re4 Qh6 23. Re6 Qf4 24. Re4 Qh6 1/2-1/2

[Event "St. Pauli Open"]
[Site "Hamburg"]
[Date "2011.07.11"]
[Round "3.40"]
[White "Magnussen, Helge"]
[Black "Preuss, Flemming"]
[Result "1-0"]
[WhiteElo "2137"]
[BlackElo "1991"]
[PlyCount "145"]
[EventDate "2011.??.??"]
[WhiteTeam "SC Wrist-Kellinghusen von 1979"]

1. d4 f5 2. Bg5 Nf6 3. Bxf6 exf6 4. c4 d5 5. e3 c6 6. Nc3 Be6 7. cxd5 cxd5 8.
Qb3 Qd7 9. Nge2 Bd6 10. Nb5 Be7 11. Nf4 Kf7 12. Be2 Rd8 13. O-O Nc6 14. Bf3 Na5
15. Qd3 Nc4 16. Nxe6 Qxe6 17. Nc7 Qc6 18. Nxa8 Nxb2 19. Qxf5 g6 20. Qb1 Nc4 21.
Rc1 Rxa8 22. Qb3 Rc8 23. Rab1 Rc7 24. Qb5 Ke6 25. Be2 Qxb5 26. Rxb5 a6 27. Rb3
b5 28. Bd3 f5 29. h3 h5 30. g4 hxg4 31. hxg4 Bf6 32. Bxc4 dxc4 33. gxf5+ gxf5
34. Ra3 Rc6 35. Kf1 Kd5 36. Ke2 Be7 37. Rac3 b4 38. R3c2 a5 39. Rh1 a4 40. Rh5
c3 41. Kd3 Ke6 42. Rh6+ Bf6 43. a3 b3 44. Rxc3 Rb6 45. Rc1 Kd7 46. Rh7+ Be7 47.
Kc3 Rg6 48. Kb2 Rg2 49. Rf1 Ke6 50. Rh6+ Bf6 51. Kc3 Kf7 52. Rh7+ Bg7 53. Kb4
Kg8 54. Rhh1 f4 55. Rhg1 Rh2 56. e4 Kf7 57. e5 Bh6 58. Rh1 Bf8+ 59. Kxa4 Rg2
60. Kxb3 Ke6 61. Kc4 Bxa3 62. Rh6+ Kf5 63. Rf6+ Ke4 64. e6 Rg8 65. Re1+ Kf3 66.
e7 Rc8+ 67. Kd5 Re8 68. Rfe6 Kxf2 69. Kc6 Bxe7 70. Rxe7 Rf8 71. d5 f3 72. d6
Rc8+ 73. Kb7 1-0